Die größten deutschen Städte, die auf "heim" enden. - Statistiken

Allgemein
  • Dieses Quiz wurde 243 mal gespielt
  • Das Durchschnittsergebnis liegt bei 5 aus 15
Antwortstatistiken
Hint Hint 2 Antwort % Korrekt
BW 315.554 Mannheim
90%
BW 50.025 Heidenheim an der Brenz
69%
NI 101.858 Hildesheim
65%
BW 127.849 Pforzheim
54%
NW 172.404 Mülheim an der Ruhr
49%
BY 64.403 Rosenheim
42%
HE 67.277 Rüsselsheim am Main
38%
NW 62.376 Bergheim
26%
BW 45.275 Weinheim
23%
HE 42.089 Bensheim
18%
NW 43.050 Monheim am Rhein
14%
BW 41.907 Kirchheim unter Teck
13%
NW 55.530 Pulheim
9%
HE 40.371 Hofheim am Taunus
8%
NW 49.025 Bornheim
7%
Keine übereinstimmenden Quizze gefunden
Verteilung der Resultate
Anzahl Personen mit jedem Resultat
Perzentil nach korrekt beantworteten Fragen
Ihre Resultats-Entwicklung
Sie haben dieses Quiz noch nicht gespielt